000 00452nam a2200181Ia 4500
005 20250326142803.0
008 250326s9999 xx 000 0 und d
037 _aTextbook
040 _aFMSL
_beng
_cFMSL
041 _aeng
_2eng
084 _qFMSL
100 _aMongia J N
245 0 _aIndia's economics policies
_cMongia J N
260 _aAllied
_bAllied, Publishers
_c1984
300 _a1002p
942 _cTB
999 _c1296626
_d1296626